Statistiken für Jeder Bundesliga-Torschütze vom 1. FC Union Berlin

Klicken Sie hier um das Quiz zu spielen!

Allgemein

  • Dieses Quiz wurde 59 mal gespielt
  • Das Durchschnittsergebnis liegt bei 24 aus 54

Antwortstatistiken

ToreTorschütze% Korrekt
11Sheraldo Becker
91%
4Sheraldo Becker
91%
3
Sheraldo Becker
91%
1Christopher Trimmel
85%
2Christopher Trimmel
85%
15Taiwo Awoniyi
84%
5Taiwo Awoniyi
84%
2Kevin Behrens
80%
8Kevin Behrens
80%
5Max Kruse
78%
11Max Kruse
78%
2Rani Khedira
76%
1Robin Knoche
69%
2Robin Knoche
69%
4Jordan Siebatcheu
67%
5Danilho Doekhi
64%
3Sven Michel
64%
3Sven Michel
64%
5Janik Haberer
58%
3Niko Gießelmann
56%
2Josip Juranović
49%
12Sebastian Andersson
47%
8Grischa Prömel
42%
3Grischa Prömel
42%
2Julian Ryerson
40%
1Jamie Leweling
36%
1Marius Bülter
36%
7Marius Bülter
36%
2Aïssa Laïdouni
33%
1Robert Andrich
33%
5Robert Andrich
33%
1Morten Thorsby
31%
2Marvin Friedrich
29%
5Marvin Friedrich
29%
2Sebastian Polter
27%
1András Schäfer
25%
3Anthony Ujah
25%
3Christian Gentner
24%
1Nico Schlotterbeck
24%
1Paul Jaeckel
24%
1Paul Seguin
24%
1Timo Baumgartl
24%
3Marcus Ingvartsen
22%
5Marcus Ingvartsen
22%
2Genki Haraguchi
20%
6Joel Pohjanpalo
16%
1Miloš Pantović
15%
1Neven Subotić
15%
1Keita Endo
13%
3Cedric Teuchert
9%
1Michael Parensen
9%
1Petar Musa
5%
2Andreas Vogelsammer
4%
1Suleiman Abdullahi
4%

Verteilung der Resultate

Perzentil nach korrekt beantworteten Fragen

Anzahl Personen mit jedem Resultat

Ihre Resultats-Entwicklung

Sie haben dieses Quiz noch nicht gespielt